Did The Tennessee Titans Have A Winning Record That Year? - Statistics

General Stats
  • This quiz has been taken 3 times
  • The average score is 10 of 53
Answer Stats
Question Answer % Correct
2022-2023 Losing
67%
2020-2021 Winning
67%
1970-1971 Losing
33%
2010-2011 Losing
33%
2012-2013 Losing
33%
2013-2014 Losing
33%
2014-2015 Losing
33%
2015-2016 Losing
33%
1975-1976 Winning
33%
1977-1978 Winning
33%
1978-1979 Winning
33%
1979-1980 Winning
33%
1980-1981 Winning
33%
1987-1988 Winning
33%
1988-1989 Winning
33%
1989-1990 Winning
33%
1990-1991 Winning
33%
1991-1992 Winning
33%
1992-1993 Winning
33%
1993-1994 Winning
33%
1999-2000 Winning
33%
2000-2001 Winning
33%
2002-2003 Winning
33%
2003-2004 Winning
33%
2007-2008 Winning
33%
2018-2019 Winning
33%
2019-2020 Winning
33%
2021-2022 Winning
33%
1971-1972 Losing
0%
1972-1973 Losing
0%
1973-1974 Losing
0%
1976-1977 Losing
0%
1981-1982 Losing
0%
1982-1983 Losing
0%
1983-1984 Losing
0%
1984-1985 Losing
0%
1985-1986 Losing
0%
1986-1987 Losing
0%
1994-1995 Losing
0%
1995-1996 Losing
0%
2001-2002 Losing
0%
2004-2005 Losing
0%
2005-2006 Losing
0%
1974-1975 Neither
0%
1996-1997 Neither
0%
1997-1998 Neither
0%
1998-1999 Neither
0%
2006-2007 Neither
0%
2009-2010 Neither
0%
2008-2009 Winning
0%
2011-2012 Winning
0%
2016-2017 Winning
0%
2017-2018 Winning
0%
No matching quizzes found
Score Distribution
Percent of People with Each Score
Percentile by Number Answered
Your Score History
You have not taken this quiz